69 - Né(es) un 9 mars - Statistiques

Statistiques générales
  • Ce quiz a été pris 14 fois
  • Le résultat moyen est 4 sur 12
Statistiques - réponses
Hint Année de naissance Réponse % Correct
Pilote et cosmonaute russe. Premier homme à naviguer dans l'espace le 12 avril 1961. 1934 Youri Gagarine
83%
Navigateur de la République de Florence. Son nom servit à nommer le "nouveau monde" en 1507. 1454 Amerigo Vespucci
75%
Actrice française. Vue dans "Les Visiteurs" (1993), "Le Petit Nicolas" (2009), ou encore "Astérix et Obélix : Au service de Sa Majesté" (2012). 1964 Valérie Lemercier
50%
Ancien dirigeant franco-libano-brésilien de Renault. 1954 Carlos Ghosn
42%
Joueur de football international français. Fils de joueur de football international français. Milieu offensif / Attaquant. Champion du monde de football en 1998. Surnommé "Snake". 1968 Youri Djorkaeff
42%
Actrice française. A remporté un Oscar, un British Academy Film Award, un Ours d’argent, un Prix d'interprétation féminine du Festival de Cannes, une coupe Volpi, un César et un Prix Goya international. Vue dans "Les Amants du Pont-Neuf", "Trois Couleurs : Bleu", "Le Patient anglais", "Le Chocolat", "Sils Maria". 1964 Juliette Binoche
33%
Homme politique français. Partisan d'une monarchie constitutionnelle. Surnommé "l'Hercule de la liberté", "l'Orateur du peuple" et "la Torche de Provence". 1749 Honoré-Gabriel Riqueti de Mirabeau|Mirabeau
25%
Homme politique français. Fut ministre de la Défense de 1988 à 1991. A dit: "Un ministre, ça ferme sa gueule ; si ça veut l'ouvrir, ça démissionne". 1939 Jean-Pierre Chevènement
17%
Couturier français. Promoteur de la minijupe et du pantalon pour les femmes. Artisan d'une mode futuriste. 1923 André Courrèges
8%
Actrice italienne. A remporté une Targa d'oro aux David di Donatello (1976), deux Grolle d'oro, trois Globi d'oro, trois Ciak d'oro, un prix Pasinetti de l'actrice à la Mostra de Venise 19885 et deux Rubans d'argent de la meilleure actrice. Vue dans "Les Bronzés 3" 1955 Ornella Muti
8%
Surnommé le "Tsar très paisible". Tsar de Russie de 1645 à 1676. 1629 Alexis Ier Mikhaïlovitch|Alexis Ier
0%
Militaire français qui s'est illustré lors de la guerre de Vendée et la campagne d'Égypte. Fut condamné, par le conseil de guerre français, à avoir les poings brûlés puis à être empalé vif. 1753 Jean-Baptiste Kléber
0%
Aucun quiz correspondant
Distribution des résultats
% des personnes avec chaque résultat
Percentile par nombre de réponses
Votre historique - résultats
Vous n’avez pas pris ce quiz